Vision for science education / (Record no. 93825)

MARC details
000 -LEADER
fixed length control field 00605nam a22001817a 4500
005 - DATE AND TIME OF LATEST TRANSACTION
control field 20150720122123.0
010 ## - LCCN (DPL NO)
LC control number ENG-113146
020 ## - INTERNATIONAL STANDARD BOOK NUMBER
International Standard Book Number 9788184249088
Terms of availability 475.00
035 ## - SYSTEM CONTROL NUMBER
System control number EN-96678
037 ## - SOURCE OF ACQUISITION
Source of stock number/acquisition DBAD/PUB
082 ## - DEWEY DECIMAL CLASSIFICATION NUMBER
Classification number 507.1
100 ## - MAIN ENTRY--PERSONAL NAME
Personal name Satya Prakash
245 ## - TITLE STATEMENT
Title Vision for science education /
Statement of responsibility, etc by Satya Prakash
260 ## - PUBLICATION, DISTRIBUTION, ETC. (IMPRINT)
Place of publication, distribution, etc New Delhi
Name of publisher, distributor, etc Allied Publishers
Date of publication, distribution, etc 2014
270 ## - ADDRESS
Address 1/13-14 Asaf Ali Road,
City New Delhi
Postal code 110002
300 ## - PHYSICAL DESCRIPTION
Extent x,237p.
Dimensions 22cm(Hb)
942 ## - ADDED ENTRY ELEMENTS (KOHA)
Source of classification or shelving scheme Dewey Decimal Classification
Item type English Books
Call number suffix SAT
Classification part 507.1
Holdings
Withdrawn status Lost status Not for loan Collection code Home library Current library Date acquired Source of acquisition Cost, normal purchase price Full call number Barcode Copy number Cost, replacement price Koha item type
    Not For Loan Non-fiction D.B.Act.Division D.B.Act.Division 21/05/2015 DBAD/PUB 475.00 507.1 SAT EN-96678 1 475.00 English Books

© Delhi Public Library
Hit Counter
free hit counter